[Event "Djenovici TS10 IM 3rd"]
[White "Rabrenovic, Vladan"]
[Black "Neustroev, Victor"]
[Site "Djenovici"]
[Round "4"]
[Result "0-1"]
[Date "2019.10.22"]
[WhiteElo "2335"]
[BlackElo "2259"]
[PlyCount "86"]
[EventDate "2019.10.19"]
[EventType "tourn"]
[EventRounds "9"]
[EventCountry "MNE"]
[EventCategory "1"]
[SourceTitle "CBM 192 Extra"]
[Source "Chessbase"]
[SourceDate "2019.11.06"]
[SourceVersion "1"]
[SourceVersionDate "2019.11.06"]
[SourceQuality "1"]

1. d4 d5 2. Bf4 c5 3. e3 Nc6 4. c3 Nf6 5. Nd2 Bf5 6. Qb3 Qd7 7. dxc5 e5 8. Bg3 Bxc5 9. Ngf3 Bd6 10. Bb5 Qe7 11. c4 0-0 12. 0-0 a6 13. Bxc6 bxc6 14. c5 Bc7 15. Qc3 Nd7 16. b4 Rfb8 17. a3 Rb5 18. a4 Rb7 19. a5 Rab8 20. Ra4 f6 21. Rc1 Nf8 22. Qa3 g5 23. Ne1 h5 24. f3 h4 25. Bf2 e4 26. fxe4 dxe4 27. Nc2 Qe5 28. Nf1 Be6 29. Nd4 Bd5 30. Be1 Ng6 31. Bc3 Qe8 32. Nd2 Ne5 33. Rf1 Ng4 34. Nf5 Bxh2+ 35. Kh1 Be5 36. Qb2 Rh7 37. Bxe5 Nxe5 38. Nd6 Qg6 39. Qd4 h3 40. g3 Qh5 41. Rf2 Qd1+ 42. Nf1 Qxd4 43. exd4 e3+ 0-1

[Event "Djenovici TS10 IM 3rd"]
[White "Neustroev, Victor"]
[Black "Zlatanovic, Boroljub"]
[Site "Djenovici"]
[Round "1"]
[Result "0-1"]
[Date "2019.10.19"]
[WhiteElo "2259"]
[BlackElo "2363"]
[PlyCount "194"]
[EventDate "2019.10.19"]
[EventType "tourn"]
[EventRounds "9"]
[EventCountry "MNE"]
[EventCategory "1"]
[SourceTitle "CBM 192 Extra"]
[Source "Chessbase"]
[SourceDate "2019.11.06"]
[SourceVersion "1"]
[SourceVersionDate "2019.11.06"]
[SourceQuality "1"]

1. e4 e6 2. d4 d5 3. Nc3 Bb4 4. e5 b6 5. a3 Bf8 6. Nf3 Ne7 7. Bd3 Ba6 8. Nb5 Nc8 9. c4 c6 10. Nc3 Bxc4 11. Bxc4 dxc4 12. Be3 Ne7 13. Ng5 h6 14. Qh5 g6 15. Nge4 Nd5 16. Qe2 Be7 17. Qxc4 Qc8 18. Nb5 0-0 19. Nbd6 Nxe3 20. fxe3 Qa6 21. Qc2 c5 22. Rf1 Nc6 23. Kf2 Bxd6 24. Nxd6 Ne7 25. Kg1 Nf5 26. Nxf5 exf5 27. e4 fxe4 28. Qxe4 Qc4 29. Rad1 Rad8 30. Rf6 Kg7 31. Rd6 cxd4 32. Qh4 Rxd6 33. exd6 Qc5 34. d7 d3+ 35. Kh1 Qd5 36. Qh3 Qe4 37. Qg3 Qe2 38. Re1 d2 39. Qc3+ Kg8 40. Rxe2 d1Q+ 41. Qe1 Qxd7 42. Re7 Qa4 43. h3 Rd8 44. Qe5 a5 45. Kh2 Qc6 46. b4 axb4 47. axb4 g5 48. h4 Qc4 49. Re8+ Rxe8 50. Qxe8+ Kh7 51. hxg5 hxg5 52. b5 Qh4+ 53. Kg1 Qd4+ 54. Kh2 Kg7 55. Qc6 Qf6 56. Qd5 Kh6 57. Qc6 Qe6 58. Kg3 Kg6 59. Kf3 Kh5 60. Kg3 Qe3+ 61. Kh2 Kg4 62. Qd7+ f5 63. Qc6 Qg3+ 64. Kg1 Qe1+ 65. Kh2 Qe3 66. Qd5 Kf4 67. Qd6+ Ke4 68. Qe6+ Kd3 69. Qc6 Qe5+ 70. Kg1 Qd4+ 71. Kh2 Kd2 72. Kh1 g4 73. g3 Qe4+ 74. Kh2 Qe2+ 75. Kg1 Qe3+ 76. Kg2 Ke1 77. Kh2 Qf2+ 78. Kh1 Qf1+ 79. Kh2 Qh3+ 80. Kg1 Qxg3+ 81. Kh1 Qf3+ 82. Kg1 Qe3+ 83. Kh2 f4 84. Qh1+ Ke2 85. Qc6 f3 86. Qc4+ Kf2 87. Qc2+ Kf1 88. Qg2+ Ke1 89. Qxg4 Qf2+ 90. Kh1 Qg2+ 91. Qxg2 fxg2+ 92. Kxg2 Ke2 93. Kg1 Kd3 94. Kf2 Kc4 95. Ke2 Kxb5 96. Kd3 Kb4 97. Kc2 Ka3 0-1